| LEADER | 00465nam a2200181Ia 4500 | ||
|---|---|---|---|
| 001 | CTU_78771 | ||
| 008 | 210402s9999 xx 000 0 und d | ||
| 082 | |a 330 | ||
| 082 | |b M368 | ||
| 100 | |a Marshall, G. P. | ||
| 245 | 0 | |a Social goals and economic perspectives | |
| 245 | 0 | |c G. P. Marshall | |
| 260 | |a London | ||
| 260 | |b Penguin Books | ||
| 260 | |c 1980 | ||
| 650 | |a Economics | ||
| 904 | |i Giang | ||
| 980 | |a Trung tâm Học liệu Trường Đại học Cần Thơ | ||